Istanbul - metropola rozvoja Turecka
Istanbul, rovnako ako Turecko, leží na dvoch svetadieloch. Cestovný ruch v meste. Najvyhľadávanejšie miesta v Istanbule - pamiatky. Avšak v pobrežných regiónoch Turecka sa realizuje 70 percent turistického ruchu Turecka.
Na minha lista:
| Autor principal: | |
|---|---|
| Outros Autores: | |
| Formato: | Capítulo de Livro |
| Idioma: | eslovaco |
| Assuntos: | |
| Tags: |
Sem tags, seja o primeiro a adicionar uma tag!
|
MARC
| LEADER | 00000naa$a2200000$$$4500 | ||
|---|---|---|---|
| 001 | 0068888 | ||
| 005 | 20231127084754.1 | ||
| 041 | 0 | |a slo | |
| 044 | |a SK | ||
| 245 | 1 | 0 | |a Istanbul - metropola rozvoja Turecka |c František Križan, Ladislav Tolmáči |
| 520 | |a Istanbul, rovnako ako Turecko, leží na dvoch svetadieloch. Cestovný ruch v meste. Najvyhľadávanejšie miesta v Istanbule - pamiatky. Avšak v pobrežných regiónoch Turecka sa realizuje 70 percent turistického ruchu Turecka. | ||
| 610 | 2 | 0 | |a Turecko |
| 610 | 2 | 0 | |a mestá |
| 610 | 2 | 0 | |a veľkomestá |
| 610 | 2 | 0 | |a pamiatky |
| 610 | 2 | 0 | |a ruch cestovný |
| 610 | 2 | 0 | |a ruch cestovný mestský |
| 100 | 1 | |a Križan, František | |
| 700 | 1 | |a Tolmáči, Ladislav | |